| 000 | 00000nam##2200000za#4500 |
| 001 | 9.639859 |
| 003 | CaOODSP |
| 005 | 20220107134005 |
| 007 | cr ||||||||||| |
| 008 | 150407|1995||||xxc|||||o f|0| 0 fre|d |
| 040 | |aCaOODSP|bfre |
| 043 | |an-cn--- |
| 086 | 1 |aH72-21/87-1995F-PDF |
| 110 | 2 |aCentre national d'information sur la violence dans la famille (Canada) |
| 245 | 10|aDécider de réagir : |h[ressource électronique]|bles adolescents et les agressions sexuelles / |c[par] Frederick Mathews et Jean-Yves Frappier. |
| 260 | |aOttawa - Ontario : |bSanté Canada. |cc1995. |
| 300 | |a16p.|bfigure |
| 500 | |aLe n° de catalogue (H72-21/87-1995) et l'ISBN (0-662-61980-3) de l'édition imprimée bilingue ont été incorrectement copiés dans l'édition électronique. |
| 590 | |a12-15-Supp|b2012-04-13 |
| 720 | 1 |aMathews, Frederick |
| 720 | 1 |aFrappier, Jean-Yves |
| 775 | 08|tMaking the decision to care : |w(CaOODSP)9.695736 |
| 776 | 0#|tMaking the decision to care : |w(CaOODSP)9.657893 |
| 776 | 0#|tDécider de réagir : |w(CaOODSP)9.657894 |
| 856 | 40|ahttp://publications.gc.ca|qPDF|s191 Ko|uhttps://publications.gc.ca/collections/Collection/H72-21-87-1995F.pdf |